| 000 | 00439nam a22001577a 4500 | ||
|---|---|---|---|
| 005 | 20251108165207.0 | ||
| 008 | 250721s1971 xx 000 0 ara d | ||
| 082 | 1 | 4 | _a910.4/شاك |
| 100 | 1 | _aخصباك، شاكر | |
| 245 | 1 | 0 | _aإبن بطوطه و رحلته / |
| 264 | 1 |
_aالنجف الأشرف : _bمطبعة الآداب، _c1971. |
|
| 300 | _a297ص ؛خرائط | ||
| 650 | 1 | 7 | _aالسفر |
| 942 |
_2ddc _cBK |
||
| 999 |
_c21793 _d21793 |
||